Les films avec Johnny Depp - Statistiques

Statistiques générales
  • Ce quiz a été pris 594 fois
  • Le résultat moyen est 10 sur 30
Statistiques - réponses
Rôles Films % Correct
Un pirate déjanté Pirates des Caraïbes
92%
Un chapelier fou Alice au pays des merveilles
88%
Un gérant de chocolaterie excentrique qui fait cadeau de tickets d'or Charlie et la Chocolaterie
83%
Un méchant dans l'univers de JK Rowling Les Animaux Fantastiques
75%
Un jeune homme innocent aux talents de coiffure et de sculptures indéniables Edward aux mains d'argent
74%
Un jeune inspecteur qui n'a pas peur de perdre sa tête Sleepy Hollow
47%
Un vampire qui se réveille des années plus tard dans son ancien manoir Dark Shadows
44%
Dans cette comédie musicale, il y incarne un barbier diabolique Sweeney Todd
43%
Le blouson noir le plus populaire du lycée, amoureux feu d'Allison, qui ne pleure que d'un oeil Cry Baby
33%
Dans ce Tim Burton, il incarne celui qu'on a considéré comme le plus mauvais réalisateur de tous les temps Ed Wood
33%
Un professeur de maths américain embarqué dans une fuite à cause d'Angelina Jolie The Tourist
32%
Un grand frère qui doit s'occuper de son petit frère atteint de troubles mentaux Gilbert Grape
28%
Un agent du FBI infiltré et qui se lie d'amitié avec un bras armé de la mafia Donnie Brasco
27%
Un journaliste bien décidé à expérimenter toutes les drogues Las Vegas Parano
27%
Un jeune gitan qui tombe amoureux d'une pâtissière en France Le Chocolat
27%
Un riche homme d'affaires qui à bord d'un train demande à un célèbre détective de devenir son garde du corps Le Crime de l'Orient Express
26%
L'auteur de l'histoire de Peter Pan Neverland
26%
Un libraire de New-York spécialisé dans les livres rares La Neuvième Porte
24%
Un Comanche banni de sa tribu et devenu un vagabond Lone Ranger
24%
Un braqueur de banque, spécialiste des évasions et traqué par J Edgar Public Enemies
23%
Un enquêteur qui traque Jack l'éventreur From Hell
21%
Une comédie musicale made in Disney où il y incarne le méchant loup Into the Woods
19%
Un scientifique qui voit son âme transférée dans un ordinateur quantique Transcendance
18%
Un vendeur de drogue qui devient le lieutenant de Pablo Escobar Blow
17%
Un écrivain dépressif qui est harcelé par un homme qui l'accuse de plagiat Fenêtre secrète
17%
Un journaliste New-Yorkais qui s'expatrie à Porto Rico et y dénonce les agissements d'un homme d'affaires véreux Rhum Express
14%
Un jeune homme qui fuit des tueurs à gage accompagné d'un indien qui le prend pour un célèbre poète Dead Man
12%
Un membre fondateur de la mafia irlandaise épaulé par un policier infiltré Strictly Criminal
10%
Un jeune orphelin de 20 ans qui rend visite à son oncle incarné par Jerry Lewis Arizona Dream
9%
Un jeune garçon qui rêve de cinéma et qui tombe amoureux de sa logeuse : Une jeune orpheline schizophrène Benny and Joon
8%
Aucun quiz correspondant
Distribution des résultats
% des personnes avec chaque résultat
Percentile par nombre de réponses
Votre historique - résultats
Vous n’avez pas pris ce quiz